<?xml version="1.0" encoding="UTF-8"?>
<record
    xmlns:xsi="http://www.w3.org/2001/XMLSchema-instance"
    xsi:schemaLocation="http://www.loc.gov/MARC21/slim http://www.loc.gov/standards/marcxml/schema/MARC21slim.xsd"
    xmlns="http://www.loc.gov/MARC21/slim">

  <leader>00809nam a22002057a 4500</leader>
  <controlfield tag="005">20240420111129.0</controlfield>
  <controlfield tag="008">220504b           ||||| |||| 00| 0 eng d</controlfield>
  <datafield tag="040" ind1=" " ind2=" ">
    <subfield code="c">AL</subfield>
  </datafield>
  <datafield tag="041" ind1=" " ind2=" ">
    <subfield code="a">Kannada</subfield>
  </datafield>
  <datafield tag="082" ind1=" " ind2=" ">
    <subfield code="2">23</subfield>
    <subfield code="a">338.174K</subfield>
    <subfield code="b">VARA</subfield>
  </datafield>
  <datafield tag="100" ind1=" " ind2=" ">
    <subfield code="a">Vighneshwara Varmudy</subfield>
    <subfield code="9">161702</subfield>
  </datafield>
  <datafield tag="100" ind1=" " ind2=" ">
    <subfield code="9">33170</subfield>
    <subfield code="d"> &#xCB5;&#xCBF;&#xC98;&#xCCD;&#xCA8;&#xCC7;&#xCB6;&#xCCD;&#xCB5;&#xCB0; &#xCB5;&#xCB0;&#xCCD;&#xCAE;&#xCC1;&#xCA1;&#xCBF; </subfield>
  </datafield>
  <datafield tag="245" ind1=" " ind2=" ">
    <subfield code="a">Adike Marukatte:andu indu mundu </subfield>
    <subfield code="b">&#xC85;&#xCA1;&#xCBF;&#xC95;&#xCC6; &#xCAE;&#xCBE;&#xCB0;&#xCC1;&#xC95;&#xC9F;&#xCCD;&#xC9F;&#xCC6;:&#xC85;&#xC82;&#xCA6;&#xCC1; &#xC87;&#xC82;&#xCA6;&#xCC1; &#xCAE;&#xCC1;&#xC82;&#xCA6;&#xCC1; </subfield>
  </datafield>
  <datafield tag="260" ind1=" " ind2=" ">
    <subfield code="a">Puttur &#xCAA;&#xCC1;&#xCA4;&#xCCD;&#xCA4;&#xCC2;&#xCB0;&#xCC1; </subfield>
    <subfield code="b">Varmudy prakashana &#xCB5;&#xCB0;&#xCCD;&#xCAE;&#xCC1;&#xCA1;&#xCBF; &#xCAA;&#xCCD;&#xCB0;&#xC95;&#xCBE;&#xCB6;&#xCA8; </subfield>
    <subfield code="c">2001</subfield>
  </datafield>
  <datafield tag="300" ind1=" " ind2=" ">
    <subfield code="a">xx,178 p.</subfield>
    <subfield code="b">PB</subfield>
    <subfield code="c">21x14 cm.</subfield>
  </datafield>
  <datafield tag="365" ind1=" " ind2=" ">
    <subfield code="c">&#x20B9;</subfield>
    <subfield code="d">&#x20B9;75.00</subfield>
  </datafield>
  <datafield tag="650" ind1=" " ind2=" ">
    <subfield code="a">Adikeya krishi &#xC85;&#xCA1;&#xCBF;&#xC95;&#xCC6;&#xCAF; &#xC95;&#xCC3;&#xCB7;&#xCBF; </subfield>
    <subfield code="9">33171</subfield>
  </datafield>
  <datafield tag="700" ind1=" " ind2=" ">
    <subfield code="a">VARMUDY (Vighneshwara)</subfield>
    <subfield code="9">33172</subfield>
  </datafield>
  <datafield tag="942" ind1=" " ind2=" ">
    <subfield code="2">ddc</subfield>
    <subfield code="c">GF</subfield>
  </datafield>
  <datafield tag="999" ind1=" " ind2=" ">
    <subfield code="c">222765</subfield>
    <subfield code="d">222765</subfield>
  </datafield>
  <datafield tag="952" ind1=" " ind2=" ">
    <subfield code="0">0</subfield>
    <subfield code="1">0</subfield>
    <subfield code="2">ddc</subfield>
    <subfield code="4">0</subfield>
    <subfield code="7">0</subfield>
    <subfield code="8">ECO</subfield>
    <subfield code="a">AL</subfield>
    <subfield code="b">AL</subfield>
    <subfield code="d">2013-03-23</subfield>
    <subfield code="l">0</subfield>
    <subfield code="o">338.174K VARA</subfield>
    <subfield code="p">GF02934</subfield>
    <subfield code="r">2022-05-04 00:00:00</subfield>
    <subfield code="v">75.00</subfield>
    <subfield code="w">2022-05-04</subfield>
    <subfield code="y">GF</subfield>
  </datafield>
</record>
